[Event "Campeonato de Chile 2009-2010"]
[Site "Santiago de Chile CHI"]
[Date "2010.02.19"]
[Round "2.1"]
[White "Alarcon Bahamondes, Roberto"]
[Black "Salinas Herrera, Pablo Patricio"]
[Result "0-1"]
[WhiteElo "2154"]
[BlackElo "2207"]
[PlyCount "218"]
[EventDate "2010.02.18"]
[EventType "tourn"]
[EventRounds "13"]
[EventCountry "CHI"]
[EventCategory "3"]
[Source "lmi"]
[SourceDate "2010.02.18"]

1. e4 e6 2. d4 d5 3. exd5 exd5 4. Bd3 Bd6 5. Ne2 Nc6 6. c3 Nge7 7. O-O Bg4 8.
f3 Bh5 9. Bf4 Bg6 10. a4 Bxf4 11. Nxf4 Qd6 12. g3 O-O-O 13. Na3 h5 14. Bxg6
Nxg6 15. Nxg6 Qxg6 16. Qd2 Qf5 17. Rae1 Qd7 18. Nc2 Kb8 19. Ne3 Ne7 20. Ng2 Nf5
21. Qc2 g6 22. Nf4 Rhe8 23. Kf2 h4 24. g4 Qd6 25. Qd2 Ne3 26. Rxe3 Qxf4 27. Rh1
Re6 28. Re2 Rde8 29. Qxf4 Rxe2+ 30. Kf1 Re1+ 31. Kg2 R8e2+ 32. Kh3 Rxh1 33.
Kxh4 Rhxh2+ 34. Kg5 Rh7 35. b4 Kc8 36. b5 Re6 37. a5 Rg7 38. Qh2 f6+ 39. Kf4
Rge7 40. Qh8+ Re8 41. Qh6 g5+ 42. Kg3 a6 43. bxa6 Rxa6 44. Qh7 Rd8 45. Qe7 Rad6
46. Kg2 Kb8 47. Kg3 R8d7 48. Qe8+ Ka7 49. Kg2 Rd8 50. Qe7 Rc8 51. Qe2 Rc6 52.
Qb5 Rd8 53. Qb3 Rdd6 54. Kf2 Ka6 55. Qc2 Rc4 56. Qe2 Kxa5 57. Qa2+ Kb6 58. Qb3+
Ka7 59. Qa3+ Ra6 60. Qb3 Kb8 61. Qb5 Rxc3 62. Qxd5 Rd6 63. Qg8+ Ka7 64. Qa2+
Ra6 65. Qf7 Rc2+ 66. Ke3 Ra3+ 67. Ke4 c6 68. d5 Rc4+ 69. Kf5 Rc5 70. Kg6 Rxd5
71. Qxf6 Rad3 72. Qa1+ Kb8 73. Qh8+ Kc7 74. Qh2+ Kb6 75. Qf2+ Kc7 76. Qh2+ Rd6+
77. Kf7 R3d5 78. Ke7 b5 79. f4 Rd2 80. Qg1 Rd7+ 81. Ke6 R2d6+ 82. Kf5 Rd5+ 83.
Ke6 R7d6+ 84. Ke7 c5 85. f5 Re5+ 86. Kf7 Kd7 87. Qa1 Re7+ 88. Kf8 Re8+ 89. Kf7
Rc8 90. Qa7+ Rc7 91. Qa8 Rh6 92. Kg7 Rhc6 93. f6 Ke6+ 94. Kg6 Rc8 95. Qa2+ c4
96. Qe2+ Kd5 97. Kf5 Kc5 98. Qe7+ Kb6 99. f7 c3 100. f8=Q Rxf8+ 101. Qxf8 c2
102. Qd8+ Kb7 103. Qe7+ Rc7 104. Qe4+ Kb6 105. Qe6+ Rc6 106. Qe8 c1=Q 107. Qb8+
Kc5 108. Qa7+ Kc4 109. Qa2+ Kc3 0-1

[Event "Campeonato de Chile 2009-2010"]
[Site "Santiago de Chile CHI"]
[Date "2010.02.19"]
[Round "2.3"]
[White "Mesias Rojas, Rabindranath"]
[Black "Vasquez Schroder, Rodrigo"]
[Result "0-1"]
[WhiteElo "2168"]
[BlackElo "2506"]
[PlyCount "58"]
[EventDate "2010.02.18"]
[EventType "tourn"]
[EventRounds "13"]
[EventCountry "CHI"]
[EventCategory "3"]
[Source "lmi"]
[SourceDate "2010.02.18"]

1. d4 e6 2. c4 Nf6 3. Nc3 Bb4 4. e3 O-O 5. Nge2 d5 6. a3 Be7 7. c5 b6 8. b4
bxc5 9. bxc5 Ba6 10. f4 c6 11. Qa4 Bd3 12. Bd2 Qc7 13. Nc1 Bxf1 14. Rxf1 Nbd7
15. Nd3 a5 16. Rb1 Qc8 17. Nf2 Qa6 18. Qc2 Rab8 19. Qd3 Rxb1+ 20. Nxb1 Qa7 21.
Ke2 Rb8 22. Kf3 h5 23. h3 h4 24. a4 Bxc5 25. Rc1 Bb4 26. Rxc6 Nb6 27. Qc2 Nc4
28. Nd3 Bf8 29. Bc1 Qb7 0-1

[Event "Campeonato de Chile 2009-2010"]
[Site "Santiago de Chile CHI"]
[Date "2010.02.20"]
[Round "4.4"]
[White "Paez Medina, Guillermo Alejandro"]
[Black "Vasquez Schroder, Rodrigo"]
[Result "0-1"]
[WhiteElo "2086"]
[BlackElo "2506"]
[PlyCount "30"]
[EventDate "2010.02.18"]
[EventType "tourn"]
[EventRounds "13"]
[EventCountry "CHI"]
[EventCategory "3"]
[Source "lmi"]
[SourceDate "2010.02.18"]

1. e4 e6 2. d4 d5 3. Nc3 Bb4 4. Nge2 Nc6 5. a3 Ba5 6. b4 Bb6 7. e5 f6 8. exf6
Qxf6 9. Be3 Nh6 10. Qd2 O-O 11. Rd1 Ng4 12. Nf4 Nxe3 13. fxe3 Bxd4 14. Nfxd5
exd5 15. exd4 Bg4 0-1

[Event "Campeonato de Chile 2009-2010"]
[Site "Santiago de Chile CHI"]
[Date "2010.02.22"]
[Round "6.3"]
[White "Paez Medina, Guillermo Alejandro"]
[Black "Salinas Herrera, Pablo Patricio"]
[Result "0-1"]
[WhiteElo "2086"]
[BlackElo "2207"]
[PlyCount "62"]
[EventDate "2010.02.18"]
[EventType "tourn"]
[EventRounds "13"]
[EventCountry "CHI"]
[EventCategory "3"]
[Source "lmi"]
[SourceDate "2010.02.18"]

1. e4 e6 2. d4 d5 3. Nc3 Bb4 4. Nge2 Nc6 5. a3 Ba5 6. e5 f6 7. Nf4 fxe5 8. Qh5+
Kf8 9. dxe5 Qe8 10. Qe2 Nh6 11. Nd3 Nf5 12. Bd2 Ncd4 13. Qd1 Kf7 14. Ne2 Bb6
15. Nxd4 Nxd4 16. c3 Nf5 17. Qf3 Kg8 18. g4 Ne7 19. Qg3 Bd7 20. f4 h5 21. O-O-O
hxg4 22. Qxg4 Nf5 23. Re1 Rh4 24. Qg2 d4 25. Be2 dxc3 26. Bxc3 Rh6 27. Qg4 Rd8
28. Qg5 Bc6 29. Rhg1 Be3+ 30. Kb1 Be4 31. Rd1 Bxg1 0-1